Švýcarská spolková finanční kontrola.

Rozsah finančnej kontroly. Personál a organizácia. Kritériá kontroly. Hospodárnosť a úspornosť. Doba a metódy uskutočňovania kontrôl. Riešenie nedostatkov a podávanie správ. Zákon o finančnej kontrole.

Salvato in:
Dettagli Bibliografici
Autore principale: Frank, J.
Natura: Capitolo di libro
Lingua:ceco
Soggetti:
Tags: Aggiungi Tag
Nessun Tag, puoi essere il primo ad aggiungerne!!

MARC

LEADER 00000naa a2200000 4500
001 r008956
005 20220831084350.3
041 0 |a cze 
044 |a [CS] 
245 1 0 |a Švýcarská spolková finanční kontrola.  |c J. Frank 
520 |a Rozsah finančnej kontroly. Personál a organizácia. Kritériá kontroly. Hospodárnosť a úspornosť. Doba a metódy uskutočňovania kontrôl. Riešenie nedostatkov a podávanie správ. Zákon o finančnej kontrole. 
610 2 0 |a kontrola finančná 
610 2 0 |a Švajčiarsko 
610 2 0 |a predpisy právne 
610 2 0 |a hospodárnosť 
100 1 |a Frank, J.